000
00288nam a22001337a 4500
008
180928b xxu||||| |||| 00| 0 eng d
020
_a
9781455738984
041
_a
eng
080
_a
610.73
100
_a
2
101
_a
NUR
245
_a
Nursing Clinics
_c
Suzane.S.P
942
_2
udc
_c
BK
999
_c
48651
_d
48651